| 000 | 00590nam a2200145Ia 4500 | ||
|---|---|---|---|
| 008 | 151213s9999 xx 000 0 und d | ||
| 100 | _aমাও: আশরাফ আলী থানবী ( রহ) | ||
| 245 |
_aপর্দার হুকুম। _cমাও: আশরাফ আলী থানবী ( রহ) |
||
| 260 |
_aঢাকা _bসোলেমানিয়া বুক হাউস। _c2005 |
||
| 300 | _a10974 p. | ||
| 650 | _aBangla | ||
| 650 | _aইসলামী বই | ||
| 700 | _aমাও: আশরাফ আলী থানবী ( রহ) | ||
| 999 |
_c4946 _d4946 |
||